000 00556nam a2200193Ia 4500
005 20250923145646.0
008 008 250917s9999 xx 000 0 eng d
037 _aTextual
040 _aDSWL
_beng
_cDSWL
041 _aeng
_2eng
084 _aX:9P4k, N81
_qDSWL
245 0 _aVocational Rehabilitation and the Employee of the Disabled : A Glossary
_c by I.L.O.
260 _aGeneva
_bI.L.O.
_c1981
300 _a182 p.
365 _aINR
_b54.00
925 _g54.00
942 _cTEXL
_hX:9P4k, N81
999 _c1454050
_d1454050